Μηχανουργική τεχνολογία : επιστήμη, τεχνολογία, πράξη
Αποθηκεύτηκε σε:
| Κύριος συγγραφέας: | |
|---|---|
| Μορφή: | Βιβλίο |
| Γλώσσα: | Greek |
| Δημοσίευση: |
Θεσσαλονίκη :
Ζήτης,
1998.
|
| Θέματα: | |
| Ετικέτες: |
Προσθήκη ετικέτας
Δεν υπάρχουν, Καταχωρήστε ετικέτα πρώτοι!
|
MARC
| LEADER | 00000cam a2200000 i 4500 | ||
|---|---|---|---|
| 001 | 1/1405 | ||
| 008 | 090909s1998 gr | ||| |||| ||gre|| | ||
| 020 | |a 9789604311970 |q (set) | ||
| 020 | |a 9789604311980 |q (τ. 2) | ||
| 035 | |l 10105585 | ||
| 040 | |a GR-MyUa |b gre |e AACR2 | ||
| 041 | 0 | |a gre | |
| 082 | 7 | |a 671 |2 (22) | |
| 100 | 1 | |a Πετρόπουλος, Πέτρος Γ. | |
| 245 | 1 | 0 | |a Μηχανουργική τεχνολογία : |b επιστήμη, τεχνολογία, πράξη / |c Πέτρος Γ. Πετρόπουλος. |
| 260 | |a Θεσσαλονίκη : |b Ζήτης, |c 1998. | ||
| 300 | |a xxiv, 464 σ. : |b πίν., σχέδια ; |c 24 εκ. | ||
| 505 | 8 | |a Τ. 2, μέρ. 1. Τεχνολογία κατεργασιών κοπής των μετάλλων | |
| 650 | 0 | 0 | |a Metal-work. |
| 650 | 0 | 0 | |a Production engineering. |
| 740 | 0 | |a Τεχνολογία κατεργασιών κοπής των μετάλλων | |
| 852 | |a INST |b CHIOS |e 20090909 |h 671 ΠΕΤ |p 005200029928 |q 005200029928 |t BK |v τομ.2;μερ.1: |y 0 | ||
| 852 | |a INST |b CHIOS |e 20090909 |h 671 ΠΕΤ |p 005200029929 |q 005200029929 |t BK |v τομ.2;μερ.1: |y 0 | ||
| 852 | |a INST |b CHIOS |e 20090909 |h 671 ΠΕΤ |p 005200029930 |q 005200029930 |t BK |v τομ.2;μερ.1: |y 0 | ||
| 852 | |a INST |b CHIOS |e 20150406 |h 671 ΠΕΤ |p 005200034389 |q 005200034389 |t BK |v τομ.2;μερ.1: |y 0 | ||
| 852 | |a INST |b CHIOS |c EUDOXUS |e 20130409 |h 671 ΠΕΤ |p 005200035448 |q 005200035448 |t EDX |v τομ.2;μερ.1: |y 0 | ||
| 901 | |a BIBL2-2009-2 | ||
| 901 | |a BIBL2-2013-1 | ||
| 901 | |a BIBL2-2015-1 | ||
| 920 | |a ΕΥΔΟΞΟΣ |b ΕΠΙΣΤΡΟΦΗ |y ΧΙΟΣ |z 2013-03 | ||
| 920 | |a ΕΥΔΟΞΟΣ |b ΕΠΙΣΤΡΟΦΗ |y ΧΙΟΣ |z 2015-03 | ||
| 970 | |a ΣΠΕΝΤΖΑ |b ΕΛΕΝΗ |z 2009/09/09 | ||